| 000 | 01462cam a22003134a 4500 | ||
|---|---|---|---|
| 999 |
_c10683 _d10683 |
||
| 001 | 13242776 | ||
| 003 | OSt | ||
| 005 | 20210302115807.0 | ||
| 008 | 030618s2003 flu b 001 0 eng | ||
| 010 | _a 2003014061 | ||
| 020 | _a1591851726 (trade paper) | ||
| 020 | _z9781418514457 (ebook) | ||
| 040 |
_aDLC _cDLC _dDLC |
||
| 042 | _apcc | ||
| 050 | 0 | 0 |
_aBT123 _bK33A |
| 082 | 0 | 0 |
_a234/.13 _222 _bK33A |
| 100 | 1 |
_aKendall, R. T., _d1935- |
|
| 245 | 1 | 4 |
_aThe anointing : _byesterday, today, tomorrow / _cR.T. Kendall. |
| 250 | _a[New ed.]. | ||
| 260 |
_aLake Mary, Fla. : _bCharisma House, _cc2003. |
||
| 300 |
_axxi, 199 p. ; _c23 cm. |
||
| 504 | _aIncludes bibliographical references (p. 193-194) and index. | ||
| 505 | 0 | _aThe anointing -- Accepting our anointing -- The limits of our anointing -- Yesterday's anointing -- Yesterday's man or woman -- When success comes too soon -- The stigma of the anointing -- Moving outside our comfort zone -- Today's man or woman -- The loneliness of anointing -- The secret anointing -- Tomorrow's man or woman -- Openness to God's Word -- Openness to the Holy Spirit -- Tomorrow's anointing. | |
| 650 | 0 | _aAnointing of the Holy Spirit. | |
| 856 | 4 | 1 |
_3Table of contents _uhttp://www.loc.gov/catdir/toc/ecip045/2003014061.html |
| 906 |
_a7 _bcbc _corignew _d1 _eecip _f20 _gy-gencatlg |
||
| 942 |
_2ddc _cBK |
||